|
|
|
|
| LEADER |
00000nam a2200000 a 4500 |
| 001 |
vtls008831245 |
| 003 |
SK-MaSNL |
| 005 |
20260301205625.0 |
| 008 |
240318s2006 xo a g f 000 0 slo |
| 015 |
|
|
|a SNBA2006/07-03824
|
| 020 |
|
|
|a 8080454108
|q (brož.)
|
| 035 |
|
|
|a 87EEB45B-6114-48B3-8FB0-8A5BBD83042A
|
| 035 |
|
|
|a urn:nbn:sk:snk-amk749
|
| 035 |
|
|
|a urn:nbn:sk:snk-am008jok
|
| 040 |
|
|
|a SNK
|b slo
|c SNK
|e AACR2
|
| 041 |
0 |
|
|a slo
|
| 044 |
|
|
|a xo
|c SK
|
| 072 |
|
7 |
|a 53
|x Fyzika
|2 konspekt
|
| 080 |
|
|
|a 373.3
|2 2001
|
| 080 |
|
|
|a (035)
|2 2001
|
| 080 |
|
|
|a 371.3
|2 2001
|
| 080 |
|
|
|a 53
|2 2001
|
| 100 |
1 |
|
|a Krajčová, Mária
|4 aut
|9 591989
|
| 245 |
1 |
0 |
|a Kvalitatívne úlohy vo vyučovaní fyziky na ZŠ
|c Mária Krajčová
|
| 250 |
|
|
|a 1. vyd.
|
| 260 |
|
|
|a V Prešove
|b Metodicko-pedagogické centrum
|c 2006
|
| 300 |
|
|
|a 54 s.
|b ilustr.
|c 21 cm
|
| 650 |
0 |
7 |
|a fyzika
|2 SNKPH
|9 816
|
| 650 |
0 |
7 |
|a základné školy
|2 SNKPH
|9 1280
|
| 650 |
0 |
7 |
|a vyučovacie metódy
|2 SNKPH
|9 1521
|
| 655 |
|
7 |
|a príručky
|2 SNKPH
|9 74364
|
| 752 |
|
|
|a Slovensko
|d Prešov
|
| 919 |
|
|
|a 80-8045-410-8
|
| 958 |
|
|
|a OND
|
| 999 |
|
|
|c 910848
|d 912778
|
| 952 |
|
|
|a SNK
|b SNK
|y PREZ
|7 0
|p 17A0514912
|o snkSC 124185
|i snk2006/14034
|8 0
|0 0
|1 0
|4 0
|d 2006-07-17
|f 1
|l 0
|r 2025-06-05 00:00:00
|w 2026-02-24
|
| 952 |
|
|
|a SNK
|b SNK
|y VYP
|7 0
|p 17A0526057
|o snkSC 124185 D1
|i snk2006/21069
|8 0
|0 0
|1 0
|4 0
|d 2006-10-17
|l 0
|r 2026-02-24 07:42:41
|w 2026-02-24
|